[Event "23rd EUR-ch"]
[Site "Vrnjacka Banja SRB"]
[Date "2023.03.10"]
[Round "8.195"]
[White "Petrekanovic, Miroslav"]
[Black "Kienboeck, Benjamin"]
[Result "0-1"]
[WhiteElo "2179"]
[BlackElo "2066"]
[EventDate "2023.03.03"]
[PlyCount "90"]

1.d4 Nf6 2.Nc3 d5 3.Bf4 c5 4.e3 cxd4 5.exd4 a6 6.Nf3 Nc6 7.h3 Bf5 8.g4 Bg6
9.Ne5 Ne4 10.Nxe4 Nxe5 11.dxe5 Bxe4 12.f3 Bg6 13.e6 f6 14.Bd3 Rc8 15.Bxg6+
hxg6 16.Qd3 Qa5+ 17.c3 g5 18.Bg3 Rh6 19.O-O-O Qxa2 20.h4 gxh4 21.Rxh4 Qc4 
22.Qc2 Rxh4 23.Qg6+ Kd8 24.Bxh4 Qf4+ 25.Kc2 Qxf3 26.Rd3 Qe2+ 27.Kb3 Qxe6 
28.Bg3 Rc5 29.Bf4 Rc4 30.Be3 Qd7 31.Bb6+ Kc8 32.Kc2 e6 33.Rh3 Kb8 34.Rh8 
Rc8 35.Rg8 Qa4+ 36.Kd2 Qb5 37.Bd4 Qxb2+ 38.Ke1 Qa1+ 39.Kd2 Qa2+ 40.Kd1 
Qa4+ 41.Kd2 Qd7 42.g5 e5 43.gxf6 exd4 44.fxg7 dxc3+ 45.Ke2 Bxg7 0-1

[Event "23rd EUR-ch"]
[Site "Vrnjacka Banja SRB"]
[Date "2023.03.10"]
[Round "8.196"]
[White "Peric, Slavisa"]
[Black "Zlatkov, Anton"]
[Result "0-1"]
[WhiteElo "1980"]
[BlackElo "2174"]
[EventDate "2023.03.03"]
[PlyCount "58"]

1.d4 Nf6 2.Nf3 g6 3.c4 Bg7 4.e3 O-O 5.Be2 d6 6.Nc3 Nbd7 7.b4 e5 8.Bb2 Re8 
9.O-O e4 10.Nd2 Nf8 11.Re1 h5 12.h3 h4 13.f3 exf3 14.Bxf3 Ne6 15.Nde4 Nxe4
16.Nxe4 Ng5 17.Nf2 c5 18.a3 Qc7 19.Bd5 Be6 20.Bxe6 Nxe6 21.Rc1 Rad8 22.Ba1
b6 23.d5 Ng5 24.Bxg7 Kxg7 25.Qg4 Qe7 26.Kh1 Ne4 27.Qf3 Nxf2+ 28.Qxf2 Qe4 
29.Rc3 Rd7 0-1

[Event "23rd EUR-ch"]
[Site "Vrnjacka Banja SRB"]
[Date "2023.03.10"]
[Round "8.197"]
[White "Safar, Sandro"]
[Black "Lazic, Emanuel"]
[Result "1/2-1/2"]
[WhiteElo "2173"]
[BlackElo "2041"]
[EventDate "2023.03.03"]
[PlyCount "94"]

1.d4 Nf6 2.Nc3 d5 3.Bf4 g6 4.e3 Bg7 5.h4 h5 6.Nf3 O-O 7.Be2 c5 8.dxc5 Qa5 
9.O-O Qxc5 10.Nd4 Nc6 11.Nxc6 bxc6 12.Be5 Qb4 13.Qd4 Qxd4 14.exd4 Bf5 15.
Ba6 Ne4 16.Bxg7 Kxg7 17.Na4 Rab8 18.c3 f6 19.Rfe1 Kf7 20.f3 Nd6 21.b4 Rfe8
22.Nc5 e5 23.a3 e4 24.Kf2 g5 25.hxg5 fxg5 26.Rac1 exf3 27.gxf3 Kf6 28.Nb3 
g4 29.Na5 Rxe1 30.Rxe1 gxf3 31.Kxf3 Be4+ 32.Kf4 h4 33.Bf1 Rh8 34.Bh3 Rg8 
35.Nxc6 Rg3 36.Re3 Nf5 37.Rxg3 hxg3 38.Nxa7 g2 39.Bxg2 Bxg2 40.b5 Bf1 41.
b6 Ba6 42.Nb5 Ne7 43.Nc7 Bb7 44.a4 Ng6+ 45.Ke3 Nf8 46.Nb5 Ba6 47.Nc7 Bb7 
1/2-1/2

[Event "23rd EUR-ch"]
[Site "Vrnjacka Banja SRB"]
[Date "2023.03.10"]
[Round "8.199"]
[White "Noy, Eyal"]
[Black "Banov, Boil"]
[Result "1/2-1/2"]
[WhiteElo "2161"]
[BlackElo "2016"]
[EventDate "2023.03.03"]
[PlyCount "102"]

1.c3 Nf6 2.d4 e6 3.Bf4 b6 4.Nd2 Bb7 5.Qc2 c5 6.e3 Nc6 7.Ngf3 Be7 8.Bd3 Nh5
9.Bg3 cxd4 10.exd4 h6 11.O-O-O Nxg3 12.hxg3 Qc7 13.Nc4 O-O-O 14.d5 exd5 
15.Ne3 Ne5 16.Nxe5 Qxe5 17.Rhe1 Bc5 18.Qa4 Kb8 19.Nf5 Qf6 20.Qf4+ Ka8 21.
Re2 g6 22.Nd4 Qxf4+ 23.gxf4 Rhe8 24.Rde1 Rxe2 25.Rxe2 a6 26.b4 Bf8 27.f5 
g5 28.f6 Kb8 29.Bf5 a5 30.a3 Ba6 31.Re1 Kc7 32.Kd2 Bc4 33.Bg4 axb4 34.cxb4
Ra8 35.Re3 b5 36.Bh5 Ra6 37.Re8 Bd6 38.g3 Rxa3 39.Nc2 Rd3+ 40.Kc1 d4 41.
Re4 Bd5 42.Rxd4 Rxd4 43.Nxd4 Bxb4 44.Nxb5+ Kc6 45.Nd4+ Kd6 46.Nf5+ Ke5 47.
Nxh6 Kxf6 48.Ng4+ Ke7 49.Ne3 Be6 50.Bf3 Bc5 51.Kd2 Kd6 1/2-1/2

[Event "23rd EUR-ch"]
[Site "Vrnjacka Banja SRB"]
[Date "2023.03.10"]
[Round "8.200"]
[White "Vasilkov, Nikolai"]
[Black "Manko, Mariia"]
[Result "1-0"]
[WhiteElo "1931"]
[BlackElo "2159"]
[EventDate "2023.03.03"]
[PlyCount "75"]

1.e4 c5 2.Nf3 Nc6 3.d4 cxd4 4.Nxd4 Nf6 5.Nc3 e5 6.Ndb5 d6 7.Bg5 a6 8.Na3 
b5 9.Nd5 Be7 10.Bxf6 Bxf6 11.c3 Rb8 12.Nc2 Bg5 13.a4 bxa4 14.Ncb4 Nxb4 15.
cxb4 O-O 16.Rxa4 a5 17.b5 Bd7 18.Nc3 d5 19.exd5 e4 20.Be2 f5 21.O-O Rb6 
22.Rxa5 Rh6 23.Ra6 Bf6 24.Qb3 Re8 25.Qc4 Bc8 26.Rc6 Bb7 27.Rd1 Kh8 28.Re6 
Be5 29.Rxh6 gxh6 30.d6 Rg8 31.d7 e3 32.f3 h5 33.Na4 h4 34.Nc5 h3 35.Qxg8+ 
Kxg8 36.Nxb7 Bxh2+ 37.Kxh2 Qc7+ 38.g3 1-0

[Event "23rd EUR-ch"]
[Site "Vrnjacka Banja SRB"]
[Date "2023.03.10"]
[Round "8.201"]
[White "Gramb, Marius"]
[Black "Garifulin, Yury"]
[Result "1-0"]
[WhiteElo "2159"]
[BlackElo "1975"]
[EventDate "2023.03.03"]
[PlyCount "65"]

1.e4 c5 2.c3 d6 3.d4 cxd4 4.cxd4 Nf6 5.Nc3 g6 6.Nf3 Bg7 7.h3 O-O 8.Bd3 Nc6
9.Be3 Nd7 10.O-O a6 11.Rc1 e5 12.Be2 exd4 13.Nxd4 Nc5 14.Nxc6 bxc6 15.Bxc5
dxc5 16.Na4 Bd4 17.Rc2 Qg5 18.Qd2 Qh4 19.Bf3 Bxh3 20.gxh3 Rad8 21.Qe2 f5 
22.Bg2 g5 23.exf5 h5 24.Nxc5 g4 25.Qe4 Qg5 26.Ne6 Qf6 27.hxg4 Be5 28.g5 
Qh8 29.Nxd8 Rxd8 30.Rxc6 h4 31.Bh3 Re8 32.Qd5+ Kf8 33.Re6 1-0

[Event "23rd EUR-ch"]
[Site "Vrnjacka Banja SRB"]
[Date "2023.03.10"]
[Round "8.202"]
[White "Gikas, Andreas Basilius"]
[Black "Poupalos, Nikolaos"]
[Result "1/2-1/2"]
[WhiteElo "2157"]
[BlackElo "1906"]
[EventDate "2023.03.03"]
[PlyCount "133"]

1.e4 c5 2.Nf3 d6 3.d4 cxd4 4.Nxd4 Nf6 5.Nc3 a6 6.Qd3 Nbd7 7.Be2 b5 8.a4 
bxa4 9.Nd5 Bb7 10.Bf3 e5 11.Ne2 Bxd5 12.exd5 Qe7 13.Bg5 e4 14.Bxf6 Nxf6 
15.Qc4 Kd8 16.O-O Qc7 17.Qxa4 exf3 18.Nd4 Nxd5 19.Rfe1 Qd7 20.Qb3 Nf6 21.
Nxf3 d5 22.Ne5 Qc7 23.c4 Bd6 24.f4 Re8 25.cxd5 Bxe5 26.Rxe5 Rxe5 27.fxe5 
Qxe5 28.d6 Qc5+ 29.Kh1 Rc8 30.h3 Ke8 31.Qb7 Nd7 32.Re1+ Kd8 33.Qxa6 Rb8 
34.Qe2 Qxd6 35.Qe8+ Kc7 36.Rc1+ Kb7 37.Qxf7 Rc8 38.Rxc8 Kxc8 39.Qxg7 Nf6 
40.Qh8+ Kb7 41.Qg7+ Ka6 42.Qf7 h5 43.Qc4+ Kb6 44.b4 Qe5 45.Qc5+ Qxc5 46.
bxc5+ Kxc5 47.g4 h4 48.g5 Nd7 49.g6 Kd4 50.g7 Nf6 51.Kg2 Ke3 52.Kg1 Kf3 
53.Kf1 Ke3 54.Ke1 Ng8 55.Kf1 Kf4 56.Kg2 Nh6 57.Kf2 Ng8 58.Kg2 Ke3 59.Kg1 
Kf4 60.Kf2 Kg5 61.Ke3 Kf5 62.Kf2 Ne7 63.Ke3 Kg6 64.Kf4 Kxg7 65.Kg4 Ng6 66.
Kg5 Kf7 67.Kf5 1/2-1/2

[Event "23rd EUR-ch"]
[Site "Vrnjacka Banja SRB"]
[Date "2023.03.10"]
[Round "8.203"]
[White "Alfirevic, Duje"]
[Black "Voiteanu, Gabriel"]
[Result "1/2-1/2"]
[WhiteElo "1924"]
[BlackElo "2155"]
[EventDate "2023.03.03"]
[PlyCount "102"]

1.e4 e5 2.Nf3 Nc6 3.Bc4 Nf6 4.d3 Bc5 5.c3 d6 6.O-O a6 7.a4 Ba7 8.Nbd2 h6 
9.a5 g5 10.Qb3 Qe7 11.Bd5 g4 12.Ne1 h5 13.Nc4 Nd8 14.Ne3 h4 15.Nd1 g3 16.
Be3 gxh2+ 17.Kh1 h3 18.g3 Bd7 19.Bc4 Ng4 20.Bxa7 Rxa7 21.Qc2 Qg5 22.f3 Nf6
23.Qf2 Ra8 24.Ne3 Nh5 25.Kxh2 Rg8 26.Rg1 c6 27.N1c2 Rg6 28.Raf1 Rf6 29.d4 
exd4 30.Nxd4 Qxa5 31.Ndf5 Qb6 32.Qe2 Bxf5 33.Nxf5 Kf8 34.f4 Ng7 35.Nh4 
Nde6 36.Rd1 Rd8 37.Rd2 Nc5 38.b4 Na4 39.Qf3 Qc7 40.Rgd1 Re8 41.Qd3 Rh6 42.
Nf3 d5 43.exd5 cxd5 44.Bxd5 Qxc3 45.Re2 Rd8 46.Qe4 Qf6 47.Rc1 Ne6 48.Bxe6 
Qxe6 49.Qxe6 Rxe6 50.Rxe6 fxe6 51.Rc7 b5 1/2-1/2

[Event "23rd EUR-ch"]
[Site "Vrnjacka Banja SRB"]
[Date "2023.03.10"]
[Round "8.204"]
[White "Bauer, Thomas"]
[Black "Velkoski, Stojan"]
[Result "1/2-1/2"]
[WhiteElo "2151"]
[BlackElo "1868"]
[EventDate "2023.03.03"]
[PlyCount "125"]

1.e4 e6 2.d4 d5 3.Nd2 c5 4.exd5 Qxd5 5.Ngf3 cxd4 6.Bc4 Qd7 7.O-O Nc6 8.Nb3
a6 9.Nbxd4 Nxd4 10.Qxd4 Qxd4 11.Nxd4 Bd7 12.Bd2 Bc5 13.Nb3 Bb6 14.Be2 
O-O-O 15.c4 Ne7 16.a4 Nc6 17.a5 Nd4 18.Nxd4 Bxd4 19.Ra2 e5 20.b4 Be6 21.
Rb1 Rd7 22.Be3 Rhd8 23.Kf1 Rc7 24.Rc1 f5 25.Bg5 Rdd7 26.Bd2 f4 27.Ke1 g5 
28.f3 h5 29.h3 Re7 30.Ra4 Bf5 31.Bc3 Be3 32.Bd2 e4 33.fxe4 Bxd2+ 34.Kxd2 
Bxe4 35.Rg1 Rcd7+ 36.Kc1 Bd3 37.Bxh5 Bxc4 38.Ra3 Be2 39.Bg6 Rd4 40.Rc3+ 
Kd8 41.Bf5 Re5 42.Rc8+ Ke7 43.Rc7+ Kf6 44.Bc8 Rxb4 45.Bxb7 Rxa5 46.Kd2 Bb5
47.Kc3 Raa4 48.Bd5 Rd4 49.Bg8 Rd3+ 50.Kc2 Rd7 51.Rc5 Re4 52.Rc3 Re2+ 53.
Kb3 Rdd2 54.g3 Re3 55.gxf4 Rxc3+ 56.Kxc3 Rd3+ 57.Kc2 gxf4 58.Rg4 Ke5 59.
Rg5+ Kd4 60.Rd5+ Ke3 61.Re5+ Kd4 62.Rd5+ Ke3 63.Re5+ 1/2-1/2

[Event "23rd EUR-ch"]
[Site "Vrnjacka Banja SRB"]
[Date "2023.03.10"]
[Round "8.205"]
[White "Nilssen, Ellen Fredericia"]
[Black "Dakic, Marta"]
[Result "1/2-1/2"]
[WhiteElo "2144"]
[BlackElo "1867"]
[EventDate "2023.03.03"]
[PlyCount "81"]

1.d4 Nf6 2.Nf3 e6 3.Bg5 h6 4.Bh4 c5 5.e3 d5 6.c3 Nc6 7.Nbd2 Bd6 8.Bd3 O-O 
9.Qe2 e5 10.dxe5 Nxe5 11.Nxe5 Bxe5 12.Nf3 Qc7 13.Nxe5 Qxe5 14.O-O Re8 15.
Rfe1 Bg4 16.f3 Bf5 17.Rad1 Rad8 18.Bxf5 Qxf5 19.Qb5 g5 20.Bf2 b6 21.Qd3 
Qxd3 22.Rxd3 Rd7 23.Red1 Red8 24.Bg3 Nh5 25.Bf2 Nf6 26.g4 Kf8 27.Kg2 Ke7 
28.h4 Rh8 29.Bg3 Ke6 30.Kh3 h5 31.gxh5 Nxh5 32.c4 Nxg3 33.cxd5+ Kd6 34.
Kxg3 Rxh4 35.f4 f5 36.fxg5 Rg4+ 37.Kf3 Rh7 38.R1d2 Rh3+ 39.Ke2 Rxg5 40.Kd1
Rgg3 41.Ke2 1/2-1/2

[Event "23rd EUR-ch"]
[Site "Vrnjacka Banja SRB"]
[Date "2023.03.10"]
[Round "8.206"]
[White "Sitbon, Itay"]
[Black "Shadyev, Damir"]
[Result "1-0"]
[WhiteElo "2144"]
[BlackElo "1712"]
[EventDate "2023.03.03"]
[PlyCount "67"]

1.d4 Nf6 2.Bf4 g6 3.Nc3 Bg7 4.e4 d6 5.Qd2 c6 6.Bh6 Bxh6 7.Qxh6 e5 8.O-O-O 
Qe7 9.h3 a6 10.Nf3 b5 11.Bd3 Nbd7 12.Rhe1 Qf8 13.Qd2 Qe7 14.Bf1 Bb7 15.Kb1
Rd8 16.g4 c5 17.dxe5 dxe5 18.a4 bxa4 19.Nd5 Nxd5 20.exd5 Qd6 21.Qh6 Qf6 
22.Re3 Ke7 23.d6+ Ke8 24.g5 Qf4 25.Qg7 Rf8 26.Nxe5 Nxe5 27.d7+ Rxd7 28.
Rxe5+ Qxe5 29.Qxe5+ Kd8 30.Qb8+ Bc8 31.Qb6+ Ke8 32.Re1+ Re7 33.Qc6+ Kd8 
34.Qd6+ 1-0

[Event "23rd EUR-ch"]
[Site "Vrnjacka Banja SRB"]
[Date "2023.03.10"]
[Round "8.207"]
[White "Gusev, Mikhail"]
[Black "Kanov, Nikola"]
[Result "0-1"]
[WhiteElo "2039"]
[BlackElo "2392"]
[EventDate "2023.03.03"]
[PlyCount "76"]

1.e4 e5 2.Nf3 Nc6 3.Bb5 a6 4.Ba4 Nf6 5.d3 b5 6.Bb3 Bc5 7.a4 Rb8 8.axb5 
axb5 9.h3 d6 10.Be3 Bxe3 11.fxe3 Be6 12.Nbd2 O-O 13.O-O Bxb3 14.Nxb3 Ne7 
15.Nh4 d5 16.Qf3 dxe4 17.dxe4 Rb6 18.Rfd1 Qe8 19.Nf5 g6 20.Nd6 Rxd6 21.
Rxd6 cxd6 22.Qxf6 Nc8 23.c3 Qc6 24.Nd2 Nb6 25.Rd1 Nd7 26.Qf3 Nc5 27.Qe2 
Rd8 28.Nf3 Qxe4 29.Kf2 b4 30.cxb4 Qxb4 31.Kg1 f6 32.Rd5 Qb3 33.e4 Kg7 34.
Kh2 Kf7 35.Qe1 Rd7 36.Qh4 Kg7 37.Qg4 f5 38.Qg3 Nxe4 0-1

[Event "23rd EUR-ch"]
[Site "Vrnjacka Banja SRB"]
[Date "2023.03.10"]
[Round "8.208"]
[White "Kisic, Bozidar"]
[Black "Oliinyk, Serafim"]
[Result "1-0"]
[WhiteElo "2283"]
[BlackElo "2042"]
[EventDate "2023.03.03"]
[PlyCount "91"]

1.b3 e5 2.Bb2 Nc6 3.c4 Nf6 4.d3 d5 5.Nd2 Bd6 6.e3 O-O 7.Be2 Re8 8.a3 a5 9.
Qc2 d4 10.e4 Nd7 11.Bf3 Nc5 12.Ne2 Ra6 13.Ng3 Rb6 14.O-O g6 15.Rae1 h5 16.
Ne2 h4 17.Nc1 Qe7 18.g3 Kg7 19.Qd1 Rh8 20.Bg4 Be6 21.f4 hxg3 22.f5 Qh4 23.
h3 Bd7 24.Nf3 Qd8 25.Re2 Be7 26.Rg2 Bf6 27.Rxg3 Ne7 28.b4 axb4 29.axb4 Na4
30.Qb3 Nxb2 31.Qxb2 Ng8 32.c5 Rb5 33.fxg6 fxg6 34.Qb3 Nh6 35.Be6 Bxe6 36.
Qxe6 Re8 37.Qc4 c6 38.Rf2 Qe7 39.Rfg2 Qe6 40.Rxg6+ Kf7 41.Qxe6+ Kxe6 42.
Rxh6 Rxb4 43.Ng5+ Ke7 44.Rh7+ Kd8 45.Nf7+ Ke7 46.Nd6+ 1-0

[Event "23rd EUR-ch"]
[Site "Vrnjacka Banja SRB"]
[Date "2023.03.10"]
[Round "8.209"]
[White "Nikanova, Ekaterina"]
[Black "Krstic, Milos"]
[Result "1/2-1/2"]
[WhiteElo "2032"]
[BlackElo "2198"]
[EventDate "2023.03.03"]
[PlyCount "104"]

1.e4 e5 2.Nf3 Nf6 3.Nxe5 d6 4.Nf3 Nxe4 5.Nc3 Nxc3 6.dxc3 Be7 7.Be3 Nd7 8.
Qd2 Nf6 9.Bd3 O-O 10.O-O-O c5 11.Rhe1 Be6 12.Kb1 Qa5 13.c4 Qxd2 14.Bxd2 h6
15.Bf5 Bxf5 16.Rxe7 Ne4 17.Be1 b6 18.Nh4 Be6 19.f3 Nf6 20.Bc3 Nh5 21.b3 
Rfd8 22.Ng6 Bf5 23.Nh4 Be6 24.Ng6 Kh7 25.g4 Kxg6 26.gxh5+ Kxh5 27.Bxg7 Rg8
28.Rg1 a6 29.a4 Rab8 30.Kc1 b5 31.cxb5 axb5 32.axb5 Rxb5 33.Ra7 d5 34.Rg3 
c4 35.bxc4 dxc4 36.Bc3 Re8 37.Ra5 Rxa5 38.Bxa5 Bf5 39.Kd1 Ra8 40.Bc3 Ra3 
41.Bf6 Ra6 42.Be5 Ra2 43.Rg2 Ra3 44.Rg3 Re3 45.Bd4 Re6 46.Bc3 Kh4 47.Kd2 
Rd6+ 48.Kc1 Ra6 49.Kd2 Rd6+ 50.Kc1 Re6 51.Kd2 h5 52.Rg2 Bg6 1/2-1/2

[Event "23rd EUR-ch"]
[Site "Vrnjacka Banja SRB"]
[Date "2023.03.10"]
[Round "8.210"]
[White "Kotyk, Michael"]
[Black "Lorenz, Roger"]
[Result "0-1"]
[WhiteElo "2018"]
[BlackElo "2180"]
[EventDate "2023.03.03"]
[PlyCount "44"]

1.e4 e6 2.d4 d5 3.exd5 exd5 4.Nf3 Nf6 5.Bd3 Bd6 6.Qe2+ Be6 7.Ng5 Qe7 8.
Nxe6 fxe6 9.O-O Nc6 10.c3 e5 11.dxe5 Nxe5 12.Bc2 O-O 13.Bg5 Rae8 14.Nd2 
Qd7 15.Bxf6 Rxf6 16.Qh5 Rh6 17.Qf5 Qd8 18.Bb3 c6 19.h3 Rf8 20.Qc2 Qg5 21.
Ne4 Nf3+ 22.Kh1 Qf5 0-1

[Event "23rd EUR-ch"]
[Site "Vrnjacka Banja SRB"]
[Date "2023.03.10"]
[Round "8.211"]
[White "Martinkus, Rolandas"]
[Black "Androutsopoulos-Agiotatos, Vasil"]
[Result "1-0"]
[WhiteElo "1985"]
[BlackElo "2161"]
[EventDate "2023.03.03"]
[PlyCount "39"]

1.Nf3 Nf6 2.c4 g6 3.Nc3 Bg7 4.e4 d6 5.d4 O-O 6.h3 e5 7.d5 a5 8.Bd3 Nfd7 9.
a3 f5 10.Bg5 Qe8 11.Be3 f4 12.Bd2 Nc5 13.Bc2 a4 14.Nb5 Qd8 15.Bb4 Nbd7 16.
Nd2 Nb6 17.Qe2 c6 18.Nc3 Bd7 19.f3 Bf6 20.O-O 1-0

[Event "23rd EUR-ch"]
[Site "Vrnjacka Banja SRB"]
[Date "2023.03.10"]
[Round "8.212"]
[White "Srdanovic, Jovana"]
[Black "Pantovic, Dragan M."]
[Result "1/2-1/2"]
[WhiteElo "2146"]
[BlackElo "2038"]
[EventDate "2023.03.03"]
[PlyCount "20"]

1.d4 f5 2.g3 Nf6 3.Bg2 g6 4.c4 Bg7 5.Nf3 O-O 6.O-O d6 7.Nc3 c6 8.Qb3 Na6 
9.c5+ Kh8 10.cxd6 exd6 1/2-1/2

[Event "23rd EUR-ch"]
[Site "Vrnjacka Banja SRB"]
[Date "2023.03.10"]
[Round "8.213"]
[White "Celik, Ali Alper"]
[Black "Lazic, Ljubisa"]
[Result "1-0"]
[WhiteElo "1961"]
[BlackElo "2138"]
[EventDate "2023.03.03"]
[PlyCount "60"]

1.d4 Nc6 2.d5 Ne5 3.e4 Ng6 4.h4 e5 5.h5 N6e7 6.f4 exf4 7.Bxf4 Nf6 8.Qd4 d6
9.Nc3 h6 10.O-O-O Ng4 11.Nf3 f6 12.Qd2 Bd7 13.Nd4 g5 14.hxg6 Nxg6 15.Bb5 
a6 16.Ne6 Qe7 17.Bxd7+ Qxd7 18.Qe2 h5 19.Bd2 N6e5 20.Rdf1 Bh6 21.Bxh6 Rxh6
22.Rf5 Qh7 23.Rfxh5 Kd7 24.Rxh6 Nxh6 25.Qh5 Rh8 26.Qh3 Neg4 27.Qxg4 Nxg4 
28.Rxh7+ Rxh7 29.Nf8+ Ke7 30.Nxh7 Kf7 1-0

[Event "23rd EUR-ch"]
[Site "Vrnjacka Banja SRB"]
[Date "2023.03.10"]
[Round "8.214"]
[White "Demir, Baran"]
[Black "Sertbay, Huseyin"]
[Result "1/2-1/2"]
[WhiteElo "2122"]
[BlackElo "2016"]
[EventDate "2023.03.03"]
[PlyCount "159"]

1.c4 c6 2.Nf3 d5 3.cxd5 cxd5 4.g3 Nc6 5.Bg2 Nf6 6.O-O e6 7.b3 Be7 8.Bb2 
O-O 9.d3 b6 10.Nbd2 Bb7 11.Rc1 Rc8 12.a3 Nd7 13.Rc2 Bf6 14.Qa1 e5 15.Rfc1 
Qe7 16.Bh3 Ncb8 17.Rxc8 Bxc8 18.Nxe5 Bxe5 19.Bxe5 Nxe5 20.Rxc8 Rxc8 21.
Bxc8 Nbc6 22.d4 Ng6 23.e3 Qc7 24.Ba6 Nd8 25.Bd3 Ne6 26.Qb1 Qc3 27.Qc2 Qa1+
28.Nb1 Ngf8 29.Kf1 g6 30.Ke2 Kg7 31.Kd2 Nd7 32.Qc1 Qa2+ 33.Bc2 Qa1 34.Nc3 
Qxc1+ 35.Kxc1 Nc7 36.b4 f5 37.Bb3 Nf6 38.f3 Kf8 39.Kd2 Ke7 40.Kd3 a5 41.
Na4 axb4 42.axb4 b5 43.Nc5 Kd6 44.Kc3 Kc6 45.Bc2 Nce8 46.e4 fxe4 47.fxe4 
dxe4 48.Bxe4+ Nd5+ 49.Kb3 Nf6 50.Bf3 Kd6 51.Ne4+ Nxe4 52.Bxe4 Nf6 53.Bf3 
g5 54.Be2 Kd5 55.Kc3 Ne4+ 56.Kd3 Nd6 57.Bf3+ Ke6 58.Bc6 Kf6 59.Ke3 Ke6 60.
Kf3 Nf5 61.d5+ Ke5 62.Kg4 h6 63.Bxb5 Ne3+ 64.Kh5 Nxd5 65.Kxh6 Kf6 66.g4 
Nxb4 67.h4 gxh4 68.g5+ Ke7 69.Bf1 Nd5 70.g6 Kf6 71.g7 Ne7 72.Bh3 Kf7 73.
Kh7 Kf6 74.Bg2 Kf7 75.Bh3 Kf6 76.Bd7 Kf7 77.Kh6 Kf6 78.Bg4 Kf7 79.Kg5 Kxg7
80.Kxh4 1/2-1/2

[Event "23rd EUR-ch"]
[Site "Vrnjacka Banja SRB"]
[Date "2023.03.10"]
[Round "8.215"]
[White "Antonioudakis, Georgios"]
[Black "Todev, Simeon"]
[Result "1/2-1/2"]
[WhiteElo "1953"]
[BlackElo "2119"]
[EventDate "2023.03.03"]
[PlyCount "164"]

1.e4 c5 2.Nf3 d6 3.d4 cxd4 4.Nxd4 Nf6 5.Nc3 a6 6.Bc4 e5 7.Nf3 Be7 8.Bg5 
Nbd7 9.a4 O-O 10.O-O Nc5 11.Bxf6 Bxf6 12.b4 Ne6 13.Nd5 Nc7 14.Nb6 Rb8 15.
Qd3 Be6 16.Rfd1 Be7 17.Qb3 Qe8 18.a5 Rd8 19.Rd3 Qc6 20.Bxe6 Nxe6 21.Nd5 
Bf6 22.Rc3 Qb5 23.Rd1 Rc8 24.h3 Qe2 25.Re1 Qb5 26.Rxc8 Rxc8 27.Nxf6+ gxf6 
28.Nh4 Nd4 29.Qg3+ Kh8 30.Qg4 Qc4 31.Re3 Rg8 32.Qh5 Qe6 33.c3 Nc2 34.Re2 
Na3 35.Re3 Nc4 36.Rd3 b6 37.axb6 Nxb6 38.Rf3 d5 39.Qh6 Nd7 40.exd5 Qxd5 
41.Rf5 Qe4 42.g3 Rg7 43.Qd2 Qc6 44.Rh5 Qe6 45.Nf5 Rg6 46.c4 e4 47.Nh4 e3 
48.Qxe3 Qxe3 49.fxe3 Rxg3+ 50.Kf2 Rg8 51.Rd5 Ne5 52.b5 Nxc4 53.bxa6 Ra8 
54.Nf5 h6 55.Rd4 Nb6 56.Rd6 Rxa6 57.Rxf6 Ra2+ 58.Kf3 Nd7 59.Rxh6+ Kg8 60.
Kf4 Rf2+ 61.Kg4 f6 62.e4 Nc5 63.Nd6 Nd3 64.h4 Rg2+ 65.Kf5 Kg7 66.Rh5 Rf2+ 
67.Kg4 Ne5+ 68.Kg3 Re2 69.Rf5 Re3+ 70.Kg2 Ng6 71.Kf2 Rh3 72.h5 Ne7 73.Ra5 
Nc6 74.Rc5 Nd4 75.Rc4 Ne6 76.Nf5+ Kh7 77.h6 Ng5 78.Rc7+ Kh8 79.Re7 Rf3+ 
80.Kg2 Rf4 81.Rg7 Ne6 82.Re7 Rxe4 1/2-1/2

[Event "23rd EUR-ch"]
[Site "Vrnjacka Banja SRB"]
[Date "2023.03.10"]
[Round "8.216"]
[White "Hamiti, Gani"]
[Black "Stoychev, Ognian"]
[Result "1-0"]
[WhiteElo "2112"]
[BlackElo "1952"]
[EventDate "2023.03.03"]
[PlyCount "81"]

1.e4 e5 2.Nf3 Nc6 3.d4 exd4 4.Bc4 Nf6 5.e5 d5 6.Bb5 Nd7 7.O-O Be7 8.Re1 
O-O 9.Bxc6 bxc6 10.Nxd4 Nb8 11.Qh5 a5 12.Nd2 c5 13.N4f3 Ra6 14.Nf1 Qd7 15.
Bg5 Bxg5 16.Qxg5 Rg6 17.Qd2 Nc6 18.Rad1 d4 19.Ng3 Qe7 20.a3 Bg4 21.Qf4 Re8
22.Rd2 Bxf3 23.Qxf3 Nxe5 24.Rxe5 Qxe5 25.Re2 Qxe2 26.Nxe2 Rge6 27.Ng3 Re1+
28.Nf1 g6 29.Qc6 R8e2 30.Qa8+ Kg7 31.Qxa5 Rd1 32.g4 Rxc2 33.Kg2 Rb1 34.Ng3
Rbxb2 35.Ne4 d3 36.Qxc7 d2 37.Qe5+ Kf8 38.Qd6+ Kg7 39.g5 c4 40.Qe5+ Kf8 
41.Nf6 1-0

[Event "23rd EUR-ch"]
[Site "Vrnjacka Banja SRB"]
[Date "2023.03.10"]
[Round "8.217"]
[White "Korkmaz, Necmettin"]
[Black "Bleuzen, Erwan"]
[Result "0-1"]
[WhiteElo "2106"]
[BlackElo "1937"]
[EventDate "2023.03.03"]
[PlyCount "60"]

1.e4 e5 2.Nf3 Nf6 3.d4 Nxe4 4.Bd3 d5 5.Nxe5 Bd6 6.O-O O-O 7.Nc3 Nxc3 8.
bxc3 Nd7 9.Nxd7 Bxd7 10.Qh5 f5 11.Re1 Qf6 12.Bg5 Qf7 13.Qh4 Rae8 14.Bf4 h6
15.Be5 f4 16.Bxd6 cxd6 17.f3 Rxe1+ 18.Rxe1 Re8 19.Rb1 Bc6 20.Qg4 Re6 21.h4
Kf8 22.h5 Ke7 23.Kf2 Kd8 24.Bg6 Qf6 25.Bf5 Re7 26.Qxf4 Bd7 27.g4 Qh4+ 28.
Kg1 Re2 29.Rf1 Qh3 30.Rf2 Re1+ 0-1

[Event "23rd EUR-ch"]
[Site "Vrnjacka Banja SRB"]
[Date "2023.03.10"]
[Round "8.218"]
[White "Leskovac, Nikola"]
[Black "Bozanic, Jovan"]
[Result "1/2-1/2"]
[WhiteElo "2103"]
[BlackElo "1934"]
[EventDate "2023.03.03"]
[PlyCount "95"]

1.e4 g6 2.d4 Bg7 3.Nc3 d6 4.h4 h5 5.Be3 a6 6.f3 b5 7.Qd2 Bb7 8.a3 Nd7 9.
O-O-O c5 10.Kb1 cxd4 11.Bxd4 Bxd4 12.Qxd4 Ngf6 13.Nh3 Qb6 14.Qd2 Rc8 15.
Nf4 Ne5 16.Be2 Nc4 17.Bxc4 Rxc4 18.Rhe1 b4 19.Na4 Qa5 20.b3 O-O 21.bxc4 
Qxa4 22.Qxb4 Qc6 23.e5 dxe5 24.Rxe5 Rb8 25.Rxe7 Qc8 26.Ka1 Bxf3 27.Qd6 
Bxd1 28.Qxf6 Qf8 29.Nxg6 Qg7 30.Rxf7 Qxf6+ 31.Rxf6 a5 32.Ra6 Bxc2 33.c5 
Rb5 34.Rc6 Be4 35.Rc8+ Kf7 36.Nf4 Ke7 37.c6 Rb3 38.c7 Kd7 39.Ka2 Rxa3+ 40.
Kxa3 Kxc8 41.g3 Bf3 42.Ka4 Kxc7 43.Kxa5 Kd6 44.Kb4 Ke5 45.Nh3 Kd4 46.Nf4 
Ke3 47.Kc3 Kf2 48.Nxh5 1/2-1/2

[Event "23rd EUR-ch"]
[Site "Vrnjacka Banja SRB"]
[Date "2023.03.10"]
[Round "8.219"]
[White "Kosovic, Miroslav"]
[Black "Deveci, Huseyin Said"]
[Result "1-0"]
[WhiteElo "2100"]
[BlackElo "1913"]
[EventDate "2023.03.03"]
[PlyCount "39"]

1.e4 e5 2.Nf3 Nc6 3.Bc4 Nf6 4.d3 Bc5 5.c3 O-O 6.Bb3 h6 7.Nbd2 Re8 8.O-O a6
9.Re1 Ba7 10.h3 d5 11.Qe2 Be6 12.Nf1 Qd7 13.Ng3 Rad8 14.Bc2 b5 15.Nh4 dxe4
16.dxe4 Bxh3 17.gxh3 Qxh3 18.Nhf5 Ng4 19.Be3 g6 20.Qxg4 1-0

[Event "23rd EUR-ch"]
[Site "Vrnjacka Banja SRB"]
[Date "2023.03.10"]
[Round "8.220"]
[White "Pantic, Ivica"]
[Black "Valitov, Ilshat"]
[Result "1-0"]
[WhiteElo "2091"]
[BlackElo "1854"]
[EventDate "2023.03.03"]
[PlyCount "67"]

1.Nf3 Nf6 2.d4 g6 3.g3 Bg7 4.Bg2 O-O 5.O-O d6 6.Re1 Nbd7 7.e4 e5 8.Nc3 
exd4 9.Nxd4 Ne5 10.h3 Bd7 11.f4 Nc6 12.Nf3 Qc8 13.Kh2 a5 14.a4 Nb4 15.Be3 
Bc6 16.Nd4 Re8 17.Bf2 Nd7 18.Ndb5 Nc5 19.Re2 Ne6 20.Qd2 b6 21.Rae1 Qb7 22.
Nd5 h5 23.c3 Na6 24.b4 axb4 25.cxb4 Rad8 26.f5 Nf8 27.f6 Bh8 28.Ne7+ Kh7 
29.Nd4 Nb8 30.b5 Bd7 31.e5 Qa7 32.Qg5 Ne6 33.Nxe6 Bxe6 34.Qxh5+ 1-0

[Event "23rd EUR-ch"]
[Site "Vrnjacka Banja SRB"]
[Date "2023.03.10"]
[Round "8.221"]
[White "Sekelja, Marko"]
[Black "Sakovich, Luka"]
[Result "1/2-1/2"]
[WhiteElo "2089"]
[BlackElo "1799"]
[EventDate "2023.03.03"]
[PlyCount "76"]

1.e4 c5 2.c3 Nf6 3.e5 Nd5 4.d4 cxd4 5.cxd4 d6 6.Nf3 Nc6 7.exd6 Bg4 8.Nc3 
Qxd6 9.Be2 e6 10.O-O Be7 11.a3 Rd8 12.Ne4 Qc7 13.Be3 Nf4 14.Re1 Nxe2+ 15.
Qxe2 O-O 16.h3 Bh5 17.Ng3 Bxf3 18.Qxf3 Rd5 19.Red1 Rfd8 20.Ne2 Qd7 21.Nc3 
Nxd4 22.Bxd4 Rxd4 23.Rxd4 Qxd4 24.Qxb7 Bc5 25.Qf3 Qe5 26.Rd1 Rxd1+ 27.Nxd1
g6 28.g3 Bd4 29.b4 a5 30.Kg2 axb4 31.axb4 Qb5 32.Qa3 Qc6+ 33.Kg1 Qc2 34.
Ne3 Bxe3 35.fxe3 Qd1+ 36.Kf2 Qd2+ 37.Kf3 Qd1+ 38.Kf2 Qd2+ 1/2-1/2

[Event "23rd EUR-ch"]
[Site "Vrnjacka Banja SRB"]
[Date "2023.03.10"]
[Round "8.222"]
[White "Jeremic, Milan"]
[Black "Lazovic, Emilija"]
[Result "1-0"]
[WhiteElo "2052"]
[BlackElo "1594"]
[EventDate "2023.03.03"]
[PlyCount "77"]

1.d4 Nf6 2.Nf3 c5 3.e3 g6 4.g3 Bg7 5.Bg2 O-O 6.O-O d5 7.b3 Nc6 8.c3 b6 9.
Ne5 Bb7 10.f4 Qd6 11.Nd2 Nd7 12.a4 f6 13.Nef3 e5 14.Ba3 Qe6 15.dxe5 fxe5 
16.Ng5 Qd6 17.Nc4 Qe7 18.Bxd5+ Kh8 19.Nf7+ Rxf7 20.Bxf7 Qxf7 21.Nd6 Qe7 
22.Nxb7 Bf8 23.Qd5 Rc8 24.fxe5 Ndxe5 25.Bb2 Qxb7 26.c4 Qe7 27.Rf7 Qe8 28.
Raf1 Bg7 29.Bxe5 Nxe5 30.Rxa7 Rd8 31.Qe4 Qe6 32.Kh1 Qh3 33.Qg2 Qh6 34.Ra8 
Qg5 35.Qd5 Bf6 36.Rxf6 Qxf6 37.Qxd8+ Qxd8 38.Rxd8+ Kg7 39.Rd6 1-0

[Event "23rd EUR-ch"]
[Site "Vrnjacka Banja SRB"]
[Date "2023.03.10"]
[Round "8.223"]
[White "Grozdanovic, Anastasia"]
[Black "Alexandri, Dimitra"]
[Result "1-0"]
[WhiteElo "2050"]
[BlackElo "1586"]
[EventDate "2023.03.03"]
[PlyCount "69"]

1.d4 Nf6 2.c4 g6 3.Nc3 Bg7 4.e4 d6 5.h3 O-O 6.Be3 e5 7.d5 Na6 8.g4 Nc5 9.
f3 a5 10.Qd2 Bd7 11.Nge2 Ne8 12.O-O-O f5 13.gxf5 gxf5 14.exf5 Bxf5 15.Ng3 
Bg6 16.h4 Rxf3 17.h5 Rxg3 18.hxg6 Rxg6 19.Bxc5 dxc5 20.Bd3 Rg4 21.Bxh7+ 
Kf8 22.Rdf1+ Rf4 23.Ne4 Bh6 24.Kc2 Nf6 25.Rxf4 Bxf4 26.Qg2 Ra6 27.Nxc5 Qe7
28.Nxa6 bxa6 29.Bf5 Qg7 30.Qf2 Ke8 31.Rg1 Qe7 32.Qa7 Qd8 33.Qxa6 Kf7 34.
Qe6+ Kf8 35.Rg6 1-0